Zahraničná politika Nemecka v kontexte Spoločnej zahraničnej a bezpečnostnej politiky EÚ diplomová práca

Na minha lista:
Detalhes bibliográficos
Autor principal: Trojanová, Michaela
Autor Corporativo: Fakulta medzinárodných vzťahov EU. Katedra medzinárodných ekonomických vzťahov a hospodárskej diplomacie
Outros Autores: Zubro, Tetyana, 1975-
Formato: Livro
Idioma:eslovaco
Publicado em: Bratislava 2018
Tags: Adicionar Tag
Sem tags, seja o primeiro a adicionar uma tag!

MARC

LEADER 00000nbm a2200000 4500
001 0244442
005 20180808084243.8
041 0 |a slo 
044 |a SK 
245 1 0 |a Zahraničná politika Nemecka v kontexte Spoločnej zahraničnej a bezpečnostnej politiky EÚ  |b diplomová práca  |c Michaela Trojanová ; školiteľ: Tetyana Zubro 
264 1 |a Bratislava  |c 2018 
300 |a 81 s. 
100 1 |a Trojanová, Michaela 
700 1 |a Zubro, Tetyana, 1975- 
710 2 |a Fakulta medzinárodných vzťahov EU. Katedra medzinárodných ekonomických vzťahov a hospodárskej diplomacie